All BBL Winners - Statistics

General Stats
  • This quiz has been taken 584 times
  • The average score is 5 of 6
Answer Stats
Season Answer % Correct
2011-12 Sixers
99%
2012-13 Heat
92%
2013-14 Scorchers
89%
2014-15 Scorchers
87%
2015-16 Thunder
85%
2016-17 Scorchers
83%
No matching quizzes found
Score Distribution
Percent of People with Each Score
Percentile by Number Answered
Your Score History
You have not taken this quiz